| 000 | 00347nam a2200145Ia 4500 | ||
|---|---|---|---|
| 005 | 20260328101511.0 | ||
| 008 | 260328s9999||||xx |||||||||||||| ||und|| | ||
| 100 | _aCastells, Manuel | ||
| 245 | 0 |
_aLa cuestión Urbana / _cManuel Castells |
|
| 250 | _a1a ed. | ||
| 260 | _bSiglo Veintiuno | ||
| 300 | _a517 p. | ||
| 650 | _aURBANISMO | ||
| 942 | _cBK | ||
| 999 |
_c9203 _d9203 |
||